00561nam a2200133Ia 4500008004100000100003100041245013200072245007500204260005300279260000900332300001000341650001500351856006100366170221s9999 xx 000 0 und d aMohamed Abdellatif Abu Auf 4aThe Relationship between Word of Mouth and Consumer Buying Behavior Mediating by Religious Orientation in Riyadh, Saudi Arabia  cMohamed Abdellatif Abu Auf, Salniza Bt Md. Salleh, Rushami Zien Yusoff bInternational Review of Management and Marketing c2016 a6 : 4 xMarketing. uhttp://www.econjournals.com/index.php/irmm/issue/view/88